| 000 | 00532nam a22002175a 4500 | ||
|---|---|---|---|
| 001 | 002915 | ||
| 003 | armpunfd | ||
| 005 | 20150623141202.0 | ||
| 008 | 140902s1961####ag############000#0#und#d | ||
| 080 | _a347.62 D 543 | ||
| 100 | 1 | _aDiaz, Guillermo. | |
| 245 | 1 | 0 | _aMatrimonio por Poder / |
| 260 |
_aBuenos Aires : _bAbeledo- Perrot, _c1961. |
||
| 300 | _a71 P. | ||
| 650 | 7 |
_aFamilia _2LEMB |
|
| 650 | 7 |
_aMatrimonio por Poder _2LEMB |
|
| 651 | _2LEMB | ||
| 945 | _d2014-09-02 | ||
| 945 |
_acd _d2014-09-02 |
||
| 999 |
_c3268 _d233772 |
||